000 00713nam a2200253 i 4500
001 bg
100 1 _aStankiewicz, Włodzimierz.
245 1 0 _aZadania z matematyki dla wyższych uczelni technicznych.
_nCz. B /
_cWłodzimierz Stankiewicz.
250 _aWyd. 11, dodr.
260 _aWarszawa :
_bWydawnictwo Naukowe PWN,
_c2001.
300 _aS. [4], 276-738 :
_bil. ;
_c24 cm.
650 9 _aMatematyka
655 _aĆwiczenia i zadania dla szkół wyższych
015 _aPB 3493/2007
020 _a8301006609
040 _cBPK
041 0 _apol
044 _aPOL
080 _a51
080 _a(075.8+076)
920 _a83-01-00660-9
942 _cKS
008 070212s2006 pl a e f |000 0 pol
999 _c52821
_d52821
856 _uhttp://koha.tu.koszalin.pl/cgi-bin/koha/opac-detail.pl?biblionumber=52821
_yKatalog online BPK